Titanic / Miloš Hubáček ; kresby a mp. Filip Heyduk
Record details
- Physical Description: 492 s., [48] s. obr. příl. ; il., mapy ; 19 cm
- Edition: 1. vyd.
- Publisher: Praha : Panorama, 1989
Content descriptions
| General Note: | 170000 výt. Obálka Jaroslav Fišer |
| Bibliography, etc. Note: | Obsahuje bibliografii |
Search for related items by subject
| Genre: | literatura faktu |
Search for related items by series
Available copies
- 1 of 1 copy available at Common Catalog SPOK.
Holds
- 0 current holds with 1 total copy.
Show Only Available Copies
| Location | Call Number / Copy Notes | Barcode | Shelving Location | Status | Due Date |
|---|---|---|---|---|---|
| Hospic Dobrého Pastýře | HI
Tematická katagorie: Historie (HI) |
2045957006826 | Knihovna | Available | - |
Electronic resources
Version of Resource: Digitalizovaný dokument
| LDR | 01222nam a2200349 4500 | ||
|---|---|---|---|
| 001 | 28359 | ||
| 003 | CZ-PrJAB | ||
| 005 | 20170821131759.0 | ||
| 007 | tu | ||
| 008 | 891124s1989 xr a u0|0 | cze | ||
| 015 | . | ‡acnb000050982 | |
| 020 | . | ‡q(Brož.) : ‡cKčs 43,00 | |
| 035 | . | ‡a(CZ PrNK)ck9000955 | |
| 035 | . | ‡a(OCoLC)23718014 | |
| 040 | . | ‡aABA001 ‡bcze ‡dABA001 | |
| 080 | . | ‡a885.0-96 ‡2undef | |
| 080 | . | ‡a629.1 ‡2undef | |
| 100 | 1 | . | ‡aHubáček, Miloš, ‡d1937- ‡7jk01043116 ‡4aut |
| 245 | 1 | 0. | ‡aTitanic / ‡cMiloš Hubáček ; kresby a mp. Filip Heyduk |
| 250 | . | ‡a1. vyd. | |
| 260 | . | ‡aPraha : ‡bPanorama, ‡c1989 ‡e(TZ : ‡fRudé právo) | |
| 300 | . | ‡a492 s., [48] s. obr. příl. ; ‡bil., mapy ; ‡c19 cm | |
| 490 | 1 | . | ‡aStopy, fakta, svědectví |
| 500 | . | ‡a170000 výt. | |
| 500 | . | ‡aObálka Jaroslav Fišer | |
| 504 | . | ‡aObsahuje bibliografii | |
| 655 | 7. | ‡aliteratura faktu ‡7fd132773 ‡2czenas | |
| 700 | 1 | . | ‡aHeyduk, Filip, ‡d1967- ‡7jo2003193229 ‡4ill |
| 830 | 0. | ‡aStopy, fakta, svědectví (Panorama) | |
| 856 | 4 | 1. | ‡uhttp://kramerius4.nkp.cz/search/handle/uuid:56c4f390-8e51-11e3-997d-005056827e52 ‡yDigitalizovaný dokument |
| 910 | . | ‡aBNE702 | |
| 964 | . | ‡aTitanic (parník angl.) - katastrofa námořní - r. 1912 - literatura faktu | |
| 998 | . | ‡a000050982 | |
| 901 | . | ‡a28359 ‡b ‡c28359 ‡tbiblio | |